Artis,perempuan dan...
| Main Author: | |
|---|---|
| Format: | Book |
| Published: |
Kuala Lumpur :
Creative Enterprise ,
1996
|
MARC
| LEADER | 00000cam a2200000 7i4500 | ||
|---|---|---|---|
| 001 | 0000009583 | ||
| 002 | 000010441 | ||
| 005 | 20000330.0 | ||
| 020 | |a 9838932868 | ||
| 090 | 0 | 0 | |a F |b MAT |
| 100 | 0 | |a Matt Romeo | |
| 245 | 1 | 0 | |a Artis,perempuan dan... |c Matt Romeo |
| 260 | |a Kuala Lumpur : |b Creative Enterprise , |c 1996 | ||
| 300 | |a 202p. ; |c 17cm. | ||
| 999 | |a 052102 |b BUKU |c PINJAMAN |e PERPUSTAKAAN KOMUNITI PETALING JAYA | ||
| 999 | |a 052104 |b BUKU |c PINJAMAN |e PERPUSTAKAAN KOMUNITI PETALING JAYA | ||